| 000 | 00673cam a22002293a 4500 | ||
|---|---|---|---|
| 001 | 8854 | ||
| 003 | PGUSA | ||
| 005 | 20140828083205.0 | ||
| 008 | 050901s2005||||xxu|||||s|||||000 | eng d | ||
| 040 |
_aPGUSA _beng |
||
| 042 | _adc | ||
| 050 | 4 | _aBS | |
| 100 | 1 |
_aWeymouth, Richard Francis, _d1822-1902 |
|
| 245 | 1 | 0 |
_aWeymouth New Testament in Modern Speech, Revelation _h[electronic resource] / _cRichard Francis Weymouth |
| 260 |
_bProject Gutenberg, _c2005 |
||
| 506 | _aPublic domain in the USA. | ||
| 516 | _aElectronic text | ||
| 653 | _aBible. Revelation | ||
| 830 | 0 |
_aProject Gutenberg _v8854 |
|
| 856 | 4 | 0 | _uhttp://www.gutenberg.org/ebooks/8854 |
| 942 | _cEB | ||
| 999 |
_c238138 _d238138 |
||